004100000a220010900045001000020000002450082000203000036001027730047001389420008001859520090001939990017002831 aHeil, John Paul10aThe double meaning of the narrative of universal judgment in Matthew 25.31-46 aNúm 69 (1998), Páginas 3-140 tJournal for the Study of the New Testament cANA 001040708HEMaFUSBCbFUSBCd2016-01-26l0o r2016-01-26 00:00:00w2016-01-26yANA c56032d56032